000 00591nam a22002177a 4500
003 OSt
005 20140310182958.0
008 130208t xxu||||| |||| 00| 0 eng d
020 _a9712320502
050 _aBF 698
_b.Av948 1996
082 _aF 155.2
_b.Av3 1996
245 _aPersonality development and human relations
_cAvelino, Soledad E.
260 _aManila
_bRex Book Store
_c1996
300 _axi, 207 p. :
_c22 cm.
_b ill. ;
521 _acollege students
526 _c1210L-1700L
541 _j1
541 _j2
562 _e2
942 _2lcc
_cBK
_kPSYCH-FIL
999 _c18043
_d18043